| 000 | 00813nam a2200265Ia 4500 | ||
|---|---|---|---|
| 003 | OSt | ||
| 005 | 20220918171450.0 | ||
| 006 | a|||||r|||| 00| 0 | ||
| 007 | ta | ||
| 008 | 220917b |||||||| |||| 00| 0 eng d | ||
| 020 |
_a9781841693828 (pbk) _c2320.44 |
||
| 024 | _a236,441 | ||
| 037 |
_bDU0004, 19/09/2008, Independent Publishers Group _cTextual |
||
| 040 |
_aARTS _cARTS _beng |
||
| 041 |
_2eng _aeng |
||
| 082 | _aP:(S), P1;P8 | ||
| 100 |
_aHarley Trevor A. _936788 |
||
| 245 | 0 |
_aPsychology of language _b from data to theory |
|
| 250 | _a3rd | ||
| 260 |
_aHove _bPsychology Press UK _c2008 |
||
| 300 |
_axvii,602p. _ccm. |
||
| 650 | _aPSYCHOLOGY | ||
| 942 |
_hP:(S), P1;P8 _cTEXL _2CC |
||
| 999 |
_c139696 _d139696 |
||